[Event "HUN-chT2 9900"]
[Site "Hungary"]
[Date "1999.10.03"]
[Round "2"]
[White "Szendrei, Csaba"]
[Black "Horvath, Andras"]
[Result "0-1"]
[WhiteElo "2268"]
[BlackElo "2250"]
[PlyCount "38"]
[EventDate "1999.09.26"]
[EventType "team"]
[EventRounds "11"]
[EventCountry "HUN"]
[SourceTitle "EXT 2002"]
[Source "ChessBase"]
[SourceDate "2001.11.25"]
[SourceVersion "1"]
[SourceVersionDate "2001.11.25"]
[SourceQuality "1"]

1. e4 g6 2. d4 Bg7 3. Nc3 c6 4. Bf4 d5 5. exd5 cxd5 6. Nb5 Na6 7. Qe2 Be6 8. Nf3 h6 9. Ne5 Qc8 10. c4 Nf6 11. Rc1 dxc4 12. Nxc4 Qd8 13. Ncd6+ exd6 14. Nxd6+ Kf8 15. Nxb7 Qxd4 16. Bd6+ Kg8 17. Rd1 Qh4 18. Qxa6 Re8 19. Be2 Bc4 0-1

[Event "HUN-chT2 9900"]
[Site "Hungary"]
[Date "1999.09.26"]
[Round "1"]
[White "Toth Gergye, Geza"]
[Black "Szendrei, Csaba"]
[Result "1/2-1/2"]
[WhiteElo "2206"]
[BlackElo "2268"]
[PlyCount "20"]
[EventDate "1999.09.26"]
[EventType "team"]
[EventRounds "11"]
[EventCountry "HUN"]
[SourceTitle "EXT 2002"]
[Source "ChessBase"]
[SourceDate "2001.11.25"]
[SourceVersion "1"]
[SourceVersionDate "2001.11.25"]
[SourceQuality "1"]

1. Nf3 f5 2. c4 Nf6 3. Nc3 d6 4. d4 g6 5. g3 Bg7 6. Bg2 0-0 7. 0-0 Qe8 8. Bg5 c6 9. Bxf6 Bxf6 10. d5 e5 1/2-1/2

[Event "HUN-chT2 9899"]
[Site "Hungary"]
[Date "1999.??.??"]
[Round "?"]
[White "Szendrei, Csaba"]
[Black "Balazs, Attila"]
[Result "1/2-1/2"]
[WhiteElo "2265"]
[BlackElo "2205"]
[PlyCount "30"]
[EventDate "1998.??.??"]
[EventType "team"]
[EventRounds "12"]
[EventCountry "HUN"]
[SourceTitle "EXT 2000"]
[Source "ChessBase"]
[SourceDate "1999.11.16"]
[SourceVersion "1"]
[SourceVersionDate "1999.11.16"]
[SourceQuality "1"]

1. e4 c5 2. Nf3 d6 3. Nc3 Nc6 4. Be2 g6 5. 0-0 Bg7 6. Nd5 e6 7. Ne3 Nge7 8. c3 d5 9. exd5 Nxd5 10. d4 cxd4 11. Nxd4 Nxd4 12. cxd4 0-0 13. Bf3 Nb4 14. Qa4 Qxd4 15. Rd1 Qc5 1/2-1/2

[Event "HUN-chT2 9899"]
[Site "Hungary"]
[Date "1998.??.??"]
[Round "?"]
[White "Szendrei, Csaba"]
[Black "Mullner, Imre"]
[Result "1/2-1/2"]
[WhiteElo "2265"]
[BlackElo "2230"]
[PlyCount "99"]
[EventDate "1998.??.??"]
[EventType "team"]
[EventRounds "12"]
[EventCountry "HUN"]
[SourceTitle "EXT 2000"]
[Source "ChessBase"]
[SourceDate "1999.11.16"]
[SourceVersion "1"]
[SourceVersionDate "1999.11.16"]
[SourceQuality "1"]

1. e4 e6 2. d4 d5 3. Nc3 Nf6 4. e5 Nfd7 5. f4 c5 6. Nf3 Nc6 7. Ne2 cxd4 8. Nexd4 Bc5 9. c3 Qb6 10. a3 a5 11. Rb1 Bxa3 12. Bd3 Bc5 13. 0-0 f5 14. Be3 Nxd4 15. cxd4 Be7 16. Ng5 g6 17. g4 Bxg5 18. fxg5 Nxe5 19. gxf5 Nxd3 20. fxg6 hxg6 21. Qxd3 Rg8 22. Rf6 Qa6 23. Qc2 Qc4 24. Qf2 Bd7 25. Rf1 Qb4 26. Rxg6 0-0-0 27. Rc1+ Bc6 28. Rxg8 Rxg8 29. Qf7 Rf8 30. Qxe6+ Kb8 31. Qe5+ Ka8 32. g6 Re8 33. Qf4 Re4 34. Qg5 Qe7 35. Qxe7 Rxe7 36. Bh6 Re6 37. g7 Rg6+ 38. Kf2 Bd7 39. Rg1 Rxg1 40. Kxg1 Be6 41. Bf4 b5 42. Kf2 Kb7 43. Ke3 Kc6 44. h4 a4 45. Kd3 b4 46. Bc1 Bg8 47. Ke3 Kd7 48. Kf4 Ke6 49. Kg5 Kf7 50. Kf5 1/2-1/2